000 01008cab a2200265 4500
001 WB3140-02
008 090401t1995 xxu||||| |||| 00| 0 eng d
035 _a(Sirsi) u9001
041 _aeng
245 _aAuctioneers and careless advice
260 _c1995
350 _a0
490 _aEstates Gazette
_v(9542) 21 October 1995, 133(1)
520 _aExamines the case of "McAnarney v Hanrahan and T E Potterton Ltd" where an auctioneer informed a purchaser that the freehold of a property they wished to purchase would cost £3,000. The plaintiffs bought the property and later applied to purchase the freehold, finding out that the acutal asking price was £40,000.
650 _aAUCTIONEERS
650 _aSURVEYORS' DUTY OF CARE
650 _aMCANARNEY V HANRAHAN AND T E POTTERTON LTD
650 _aMISREPRESENTATION
650 _aNEGLIGENCE
650 _aNEGLIGENT MISSTATEMENT
650 _aPROFESSIONAL ADVISORS
690 _aAuctioneering
_96218
942 _n0
948 _c04/03/1997
999 _c5578
_d5578